000 01786cam a2200433 4500
003 PE-LiUPU
005 20250731183332.0
008 sp a spa
020 _a9788498015744
035 _a(Sirsi) i9788498015744
035 _a(Sirsi) 51986
035 _a(Sirsi) 51986
041 _asp
044 _aspa
082 0 4 _a720.3
_bH75
100 1 _aHopkins, Owen
245 1 0 _aLeer la arquitectura :
_bdiccionario visual /
_cOwen Hopkins ; traducción Remedios Diéguez Diéguez ; revisión Josep María Rovira Gimeno.
264 1 _aBarcelona :
_bBlume,
_c2012
300 _a175 páginas :
_bilustraciones ;
_c27 cm.
505 0 _aTipos de construcción -- Estructuras clásicas -- La catedral medieval -- La iglesia renacentista --La iglesia barroca -- Construcciones fortificadas -- Mansiones y villas -- Edificios públicos -- Estructuras modernas -- Estructuras -- Columna
526 _aP158
526 _aP146
526 _aP17
526 _aP12
526 _aP06
534 _pTítulo original :
_tReading architecture.
650 0 4 _aArquitectura
_xDiccionarios
650 0 4 _aUrbanismo
_vDiccionarios.
650 0 4 _aDiseño arquitectónico
_vDiccionarios.
700 1 _aDiéguez Diéguez, Remedios,
_etr.
700 1 _aRovira Gimeno, Josep María,
_erev.
859 _q69376
910 _agl20131203
942 _2ddc
_cBOOK
949 _i69376
_lCCODEBUL1
_mBUL
_tLIBRO
_o.STAFF. Colección General
596 _a1
999 _a720.3 H75
_wDEWEY
_c5967
_i69376
_d5967
_e2019-4-22
_f2021-11-9
_g14
_lCCODEBUL1
_mBUL
_n23
_p51.00
_q5
_r0
_sY
_tBOOK
_u2015-7-6
_xINGENIERIA
_PP06
_0COMPRA
_o.STAFF. Colección General
980 _81
_gALBERTO SANCHEZ Responsable de Automatización